A genetic Analysis of LA Prevision 25 Wheat (C.I 12596) for Reaction to Leaf Rust and for Awnedness and Stem Pithiness (Record no. 50392)

MARC details
000 -LEADER
fixed length control field 00521nam a22001697a 4500
003 - CONTROL NUMBER IDENTIFIER
control field OSt
008 - FIXED-LENGTH DATA ELEMENTS--GENERAL INFORMATION
fixed length control field 260504b |||||||| |||| 00| 0 eng d
082 ## - DEWEY DECIMAL CLASSIFICATION NUMBER
Classification number 633.11
Item number A28G
100 ## - MAIN ENTRY--PERSONAL NAME
Personal name Akhter, Syed Wali
245 ## - TITLE STATEMENT
Title A genetic Analysis of LA Prevision 25 Wheat (C.I 12596) for Reaction to Leaf Rust and for Awnedness and Stem Pithiness
260 ## - PUBLICATION, DISTRIBUTION, ETC. (IMPRINT)
Place of publication, distribution, etc Mississippi
Name of publisher, distributor, etc State College, Mississippi
Date of publication, distribution, etc 1955
300 ## - PHYSICAL DESCRIPTION
Extent 81P.
502 ## - DISSERTATION NOTE
Degree type Agronomy
Year degree granted 1955
650 ## - SUBJECT ADDED ENTRY--TOPICAL TERM
Topical term or geographic name as entry element Agronomy
650 ## - SUBJECT ADDED ENTRY--TOPICAL TERM
Topical term or geographic name as entry element Doctor of Philosophy
942 ## - ADDED ENTRY ELEMENTS (KOHA)
Source of classification or shelving scheme
Koha item type Thesis
Holdings
Withdrawn status Lost status Source of classification or shelving scheme Damaged status Not for loan Home library Current library Date acquired Total Checkouts Full call number Barcode Date last seen Bill Date Koha item type
          Dr. Rajendra Prasad Central Agricultural University Pusa, Dr. Rajendra Prasad Central Agricultural University Pusa, 04/05/2026   633.11 A28G 45673 04/05/2026 04/05/2026 Thesis
Hosted, Implemented, Customized & Maintained by: BestBookBuddies

Powered by Koha